Metodología de la programación orientada a objetos

Salvato in:
Dettagli Bibliografici
Autore principale: López Román, Leobardo (autor)
Natura: Libro
Lingua:spagnolo
Pubblicazione: Cuernavaca Alfaomega 2013
Edizione:2a. ed
Soggetti:
Tags: Aggiungi Tag
Nessun Tag, puoi essere il primo ad aggiungerne!!

MARC

LEADER 00000cam a2200000 a 4500
001 UCD6208
003 CL-VaPUC
008 161124e20130000mx |||||||||||||||||spa|d
020 |a 9786077075899 
082 0 4 |a 005.113  |b LOP  |2 21 
100 |a López Román, Leobardo  |e autor  |9 589944 
245 1 0 |a Metodología de la programación orientada a objetos 
250 |a 2a. ed 
300 |a 540 p 
942 |c BK 
945 |d 20161124 22:47:00  |a dcastane 
260 |a Cuernavaca  |b Alfaomega  |c 2013 
650 0 |a Programación orientada al objeto  |9 387863 
650 0 |a Programación de computadores   |9 259531 
650 0 |a Diseño de software  |9 451623 
650 0 |a Algoritmos   |9 260639 
583 |a last modification  |c 20161124 22:47:00  |k Rodrigo Vera 
999 |c 366573  |d 366571 
952 |0 0  |1 0  |3 erb  |4 0  |6 005_113000000000000_LOP_2013  |7 0  |8 A  |9 480898  |a BIBING  |b BIBING  |i 5351065  |o 005.113 LOP 2013  |p 5351065  |r 2025-01-20  |w 2019-11-24  |y BK  |z Catalogado en:20161124  |k CCI 
952 |0 0  |1 0  |3 erb  |4 0  |6 005_113000000000000_LOP_2013  |7 0  |8 A  |9 480900  |a BIBING  |b BIBING  |i 5351049  |o 005.113 LOP 2013  |p 5351049  |r 2025-01-20  |w 2019-11-24  |y BK  |z Catalogado en:20161124  |k CCI 
952 |0 0  |1 0  |3 erb  |4 0  |6 005_113000000000000_LOP_2013  |7 0  |8 A  |9 480901  |a BIBING  |b BIBING  |i 5351030  |o 005.113 LOP 2013  |p 5351030  |r 2025-01-20  |w 2019-11-24  |y BK  |z Catalogado en:20161124  |k CCI 
952 |0 0  |1 0  |3 erb  |4 0  |6 005_113000000000000_LOP_2013  |7 0  |8 A  |9 480903  |a BIBING  |b BIBING  |i 5351014  |o 005.113 LOP 2013  |p 5351014  |r 2025-01-20  |w 2019-11-24  |y BK  |z Catalogado en:20161124  |k CCI 
952 |0 0  |1 0  |3 erb  |4 0  |6 005_113000000000000_LOP_2013  |7 0  |8 A  |9 480904  |a BIBING  |b BIBING  |i 5351006  |o 005.113 LOP 2013  |p 5351006  |r 2025-01-20  |w 2019-11-24  |y BK  |z Catalogado en:20161124  |k CCI 
952 |0 0  |1 0  |3 erb  |4 0  |6 005_113000000000000_LOP_2013  |7 0  |8 A  |9 480907  |a BIBING  |b BIBING  |i 5350972  |l 3  |m 3  |o 005.113 LOP 2013  |p 5350972  |r 2025-01-20  |s 2024-11-18  |w 2019-11-24  |y BK  |z Catalogado en:20161124  |k CCI